000 00510nam a2200157Ia 4500
008 151021s9999 xx 000 0 und d
020 _a9.7802056611e+012
050 _aLC 4705 .B67 2009
245 _a_Strategies for Teaching students with learning and behaviour problems(7th ed) Sharon Vaughn
260 _aNew Jersey Pearson 2009
300 _axxxi,592p.;ill
500 _aIncludes index.
650 _a_Learning disabled children
700 _a_Candace S.Bos
980 _a^d20110328 01:45:11^oanne
999 _c6949
_d6949